Normal view
MARC view
- Mahan,Geral D
Entry Personal Name
001 - CONTROL NUMBER
- control field: 104452
003 - CONTROL NUMBER IDENTIFIER
- control field: NUST
005 - DATE AND TIME OF LATEST TRANSACTION
- control field: 20221208121231.0
008 - FIXED-LENGTH DATA ELEMENTS
- fixed length control field: 221208|| aca||aabn | a|a d
040 ## - CATALOGING SOURCE
- Original cataloging agency: NUST
- Transcribing agency: NUST
100 ## - HEADING--PERSONAL NAME
- Personal name: Mahan,Geral D
670 ## - SOURCE DATA FOUND
- Source citation: Work cat.: (NUST)180837: Mahan,Geral D, Many Practice Physics, 1990.
